UBT Library

Organizational communication : (Record no. 42924)

000 -LEADER
fixed length control field 00737pam a2200229 a 4500
001 - CONTROL NUMBER
control field 3015364
005 - DATE AND TIME OF LATEST TRANSACTION
control field 20180220073903.0
008 - FIXED-LENGTH DATA ELEMENTS--GENERAL INFORMATION
fixed length control field 940622s1995 caua b 001 0 eng
010 ## - LIBRARY OF CONGRESS CONTROL NUMBER
LC control number 94028667
020 ## - INTERNATIONAL STANDARD BOOK NUMBER
International Standard Book Number 0534207901 (acidfree, recycled paper)
040 ## - CATALOGING SOURCE
Original cataloging agency DLC
Transcribing agency DLC
Modifying agency DLC
041 ## - LANGUAGE CODE
Language code of text/sound track or separate title eng
080 ## - UNIVERSAL DECIMAL CLASSIFICATION NUMBER
Universal Decimal Classification number 658.45 MIL
082 00 - DEWEY DECIMAL CLASSIFICATION NUMBER
Classification number 658.45 MIL
Edition number 20
100 1# - Rafti
Rafti 54
101 ## - Shkurtesa
Shkurtesa LID
245 10 - TITLE STATEMENT
Title Organizational communication :
Statement of responsibility, etc Katherine Miller.
504 ## - BIBLIOGRAPHY, ETC. NOTE
Bibliography, etc Includes bibliographical references (p. 309-334) and indexes.
906 ## - LOCAL DATA ELEMENT F, LDF (RLIN)
a 7
b cbc
c orignew
d 1
e ocip
f 19
g y-gencatlg
942 ## - ADDED ENTRY ELEMENTS (KOHA)
Source of classification or shelving scheme
Item type Books
Holdings
Withdrawn status Lost status Source of classification or shelving scheme Damaged status Not for loan Collection code Permanent location Current location Shelving location Date acquired Total Checkouts Full call number Barcode Date last seen Price effective from Koha item type
          Koleksioni i përgjithshem UBT - Lipjan UBT - Lipjan Koleksioni i përgjithshem 02/20/2018   658.45 MIL 002-2998283 02/20/2018 02/20/2018 Books
UBT Library © 2015-2024. All rights reserved University Education for Business and Technology